00803nam a2200265 a 4500001001300000003000900013005001700022008004100039020002300080082001600103100002000119245006100139260004800200300000900248500003500257505001000292650001900302650001700321650003000338700002000368902000800388942000700396952011700403999001700520nice12345678IN_TiNIC20260116013802.0050524s1979 cola grp 000 0 eng  a0930888 c72000a953.05bASC aAscher, Abraham aMutual Effects of the Islamic and Judeo-Christian Worlds aColum, BiabColumbia University Pressc1979 a230p aincludes index and biblioraphy2 aIndex aOttoman Empire aIslam-Russia aIslam and Other Religions1 aAscher, Abraham bSRS cBK 001040708StackRoom-aHMIbHMId2007-04-03g720.00l0o953.05 ASCp015011r2007-04-03v720.00w2005-05-24yBK c12488d12488